Statistics for Bird Taxonomy Week #2

Click here to take the quiz!

General Stats

  • This quiz has been taken 38 times
  • The average score is 6 of 39

Answer Stats

Answer% Correct
Charadriiformes Alcidae Common Murre
100%
Charadriiformes Scolopacidae Willet
100%
Pelecaniformes Ardeidae Great Egret
100%
Charadriiformes Alcidae Atlantic Puffin
50%
Charadriiformes Scolopacidae Red Knot
50%
Pelecaniformes Ardeidae Cattle Egret
50%
Pelecaniformes Ardeidae Great Blue Heron
50%
Pelecaniformes Ardeidae Snowy Egret
50%
Pelecaniformes Pelecanidae Brown Pelican
50%
Cathartiformes Cathartidae Black Vulture
0%
Cathartiformes Cathartidae Turkey Vulture
0%
Charadriiformes Charadriidae Black-bellied Plover
0%
Charadriiformes Charadriidae Killdeer
0%
Charadriiformes Charadriidae Piping Plover
0%
Charadriiformes Charadriidae Semipalmated Plover
0%
Charadriiformes Haematopodidae American Oystercatcher
0%
Charadriiformes Laridae Black Skimmer
0%
Charadriiformes Laridae Caspian Tern
0%
Charadriiformes Laridae Common Tern
0%
Charadriiformes Laridae Herring Gull
0%
Charadriiformes Laridae Laughing Gull
0%
Charadriiformes Laridae Least Tern
0%
Charadriiformes Laridae Ring-billed Gull
0%
Charadriiformes Recurvirostridae American Avocet
0%
Charadriiformes Recurvirostridae Black-necked Stilt
0%
Charadriiformes Scolopacidae American Woodcock
0%
Charadriiformes Scolopacidae Greater Yellowlegs
0%
Charadriiformes Scolopacidae Least Sandpiper
0%
Charadriiformes Scolopacidae Lesser Yellowlegs
0%
Charadriiformes Scolopacidae Semipalmated Sandpiper
0%
Charadriiformes Scolopacidae Spotted Sandpiper
0%
Gaviiformes Gaviidae Common Loon
0%
Pelecaniformes Ardeidae American Bittern
0%
Pelecaniformes Ardeidae Black-crowned Night-Heron
0%
Pelecaniformes Ardeidae Green Heron
0%
Pelecaniformes Pelecanidae American White Pelican
0%
Pelecaniformes Threskiornithidae Glossy Ibis
0%
Suliformes Phalacrocoracidae Double-crested Cormorant
0%
Suliformes Sulidae Northern Gannet
0%

Score Distribution

Percentile by Number Answered

Percent of People with Each Score

Your Score History

You have not taken this quiz